| 000 | 01291 a2200253 4500 | ||
|---|---|---|---|
| 003 | NUST | ||
| 005 | 20221230145157.0 | ||
| 010 | _a 96016696 | ||
| 020 | _a0792397274 (acid-free paper) | ||
| 040 | _cNust | ||
| 082 | 0 | 0 | _a621.38456,PAR |
| 100 | 1 |
_aPark, Kun Il, _9106497 |
|
| 245 | 1 | 0 |
_aPersonal and wireless communications : _bdigital technology and standards / _c Kun Il Park. |
| 260 |
_aBoston : _bKluwer Academic Publishers, _cc1996. |
||
| 300 |
_ax, 230 p. : _bill. ; _c24 cm. |
||
| 490 | 1 |
_aThe Kluwer international series in engineering and computer science ; _vSECS 361. _aCommunications and information theory |
|
| 505 | _aIntroduction (Page-1), Digital Wireless Communications Technology (Page-9), The Standard Based On The North American High-Tier TDMA System (Page-55), The Standard Based On The North American High-Tier CDMA System (Page-123), Highlights Of Other Wireless Access Standards (Page-177). | ||
| 650 | 0 |
_aDigital communications. _9237 |
|
| 650 | 0 |
_aPersonal communication service systems. _9105628 |
|
| 650 | 0 |
_aWireless communication systems. _9594 |
|
| 830 | 0 |
_aKluwer international series in engineering and computer science ; _982222 |
|
| 830 | 0 |
_aKluwer international series in engineering and computer science. _982222 |
|
| 942 |
_2ddc _cBK _k621.38456,PAR |
||
| 999 |
_c193461 _d193461 |
||